000 00711nam a2200241Ia 4500
001 dia_1866
003 CHAP
005 20240417130210.0
008 220117s1980 xx 000 0 und d
010 _a172403
040 _cCHAP
082 _a633.15972 C3
110 _aCentro de Investigaciones Agrarias
_9151734
245 _aEl Cultivo del Maíz en México /
_c Poe el Centro de Investigaciones Agrarias
260 _aMéxico :
_b Centro de Investigaciones Agrarias,
_c1980
300 _a148 p.
650 _a1.Maíz/
_9146931
650 _aCultivo
_9151735
901 _a633.15972 C3
902 _aM
905 _a0000001980 MEXX 0000000000ESP00
942 _cLIBRO
_2ddc
999 _c172403
_d172403